| 000 | 00541nam a22001697a 4500 | ||
|---|---|---|---|
| 005 | 20141119151409.0 | ||
| 008 | 141119b xxu||||| |||| 00| 0 eng d | ||
| 020 | _a9789812720740 | ||
| 050 |
_aRB 113 _b.G73 2007 |
||
| 100 | _aGould, Barbara E. | ||
| 245 |
_aPathophysiology for the health professions / _cBarbara E. Gould, Ruthanna Dyer. |
||
| 260 |
_aSt. Louis, Mo. : _bSaunders/Elsevier, _cc2007. |
||
| 300 |
_a800 pages : _billustrations ; _c26 cm. |
||
| 521 | _aNursing | ||
| 650 | _aPhysiology, Pathological. | ||
| 942 |
_2lcc _cBK _kFOR |
||
| 999 |
_c276828 _d276828 |
||